| 000 | 00976nas a2200325 4500 | ||
|---|---|---|---|
| 001 | BR2011001466 | ||
| 003 | BR-BrBNA | ||
| 005 | 20231205114903.0 | ||
| 007 | ta | ||
| 008 | 230509b bl.|||p| |||| 00| 00por d | ||
| 040 |
_aBR-BrBNA _bpor _cBiblioteca Nacional de Agricultura |
||
| 041 | _a(Pt) | ||
| 072 | _aJ11 | ||
| 100 | 1 | _aZaicovski, C.B. | |
| 100 | 1 | _aPegoraro, C. | |
| 100 | 1 | _aFerrarezze, J.P. | |
| 100 | 1 | _aDal Cero, J. | |
| 100 | 1 | _aLund, D.G. | |
| 100 | 1 | _aRombaldi, C.V. | |
| 245 | 1 | _aEfeito de danos mecânicos, da redução de temperatura e 1-MCP no metabolismo pós-colheita de brócolis Legacy | |
| 650 | _aBRÓCOLO | ||
| 650 | _aDANO MECÂNICO | ||
| 650 | _aMETABOLISMO | ||
| 650 | _aPÓS-COLHEITA | ||
| 650 | _aCOR | ||
| 650 | _aETILENO | ||
| 773 | 0 |
_tCiência e Tecnologia de Alimentos (Brazil) _xISSN 0101-2061 _g(Oct-Dec 2008), v. 28(4) p. 840-845 _wBR2011001466 |
|
| 909 |
_a202311 _bLúcia _c55 _dLúcia Elande |
||
| 942 |
_2AGRIS _n0 _cANA |
||
| 999 |
_c211027 _d211027 |
||